[Event "SRI-ch"]
[Site "Colombo"]
[Date "2024.03.29"]
[Round "9"]
[White "Dandeniya, DDLN"]
[Black "Janukshan, B."]
[Result "1-0"]
[WhiteElo "1800"]
[BlackElo "1836"]
[PlyCount "87"]
[EventDate "2024.03.22"]
[EventType "tourn"]
[EventRounds "13"]
[EventCountry "SRI"]
[SourceTitle "CB15_2024"]
[SourceDate "2024.04.10"]
[SourceVersion "1"]
[SourceVersionDate "2024.04.10"]
[SourceQuality "1"]

1. Nf3 Nf6 2. g3 g6 3. Bg2 Bg7 4. 0-0 0-0 5. d3 d5 6. Nbd2 c5 7. e4 Nc6 8. Qe2 e5 9. c3 h6 10. a4 Be6 11. exd5 Nxd5 12. Nc4 Qc7 13. Re1 Rfe8 14. h4 Bg4 15. Be3 Nxe3 16. Nxe3 Be6 17. h5 g5 18. Nd2 f5 19. Nec4 Bf7 20. Nb3 Ne7 21. a5 Rad8 22. a6 b6 23. Nbd2 Nd5 24. Ne3 Nxe3 25. fxe3 Qd7 26. Nc4 e4 27. dxe4 fxe4 28. Bf1 Be6 29. Red1 Qc7 30. Kh2 b5 31. Na3 b4 32. Nb5 Qb6 33. Rxd8 Rxd8 34. Rd1 bxc3 35. Rxd8+ Qxd8 36. bxc3 Qd7 37. Qc2 Bd5 38. Qd1 Qf7 39. Nxa7 Bxc3 40. Nc8 Bf6 41. Nd6 Qe6 42. Qxd5 Qxd5 43. Bc4 Qxc4 44. Nxc4 1-0

[Event "SRI-ch"]
[Site "Colombo"]
[Date "2024.03.25"]
[Round "7"]
[White "Bandara, Dhanushka"]
[Black "Janukshan, B."]
[Result "1/2-1/2"]
[WhiteElo "1883"]
[BlackElo "1836"]
[PlyCount "146"]
[EventDate "2024.03.22"]
[EventType "tourn"]
[EventRounds "13"]
[EventCountry "SRI"]
[SourceTitle "CB15_2024"]
[SourceDate "2024.04.10"]
[SourceVersion "1"]
[SourceVersionDate "2024.04.10"]
[SourceQuality "1"]

1. e4 c5 2. Nf3 d6 3. d4 cxd4 4. Nxd4 Nf6 5. Nc3 a6 6. Be2 e5 7. Nf3 Be7 8. Bg5 Be6 9. a4 Nbd7 10. 0-0 0-0 11. h3 Rc8 12. a5 Rc5 13. Qd2 Rxa5 14. Rxa5 Qxa5 15. Nd5 Qd8 16. Nxe7+ Qxe7 17. Qb4 Nc5 18. Nd2 h6 19. Be3 a5 20. Qxa5 Ncxe4 21. Nxe4 Nxe4 22. Qb4 Nf6 23. c4 Qc7 24. Ra1 Rb8 25. Rd1 d5 26. Bc5 Re8 27. Bd6 Qc6 28. Bxe5 Bxh3 29. f4 Bg4 30. cxd5 Nxd5 31. Rxd5 Bxe2 32. Rc5 Qd7 33. Rc7 Qd1+ 34. Kh2 Ba6 35. Qc3 Qh5+ 36. Qh3 Qxh3+ 37. Kxh3 Rd8 38. Bc3 Re8 39. Kg3 Re3+ 40. Kf2 Re2+ 41. Kf3 Re6 42. f5 Re8 43. f6 gxf6 44. Bxf6 Kh7 45. Bc3 Kg6 46. Kf2 Re2+ 47. Kf3 Re6 48. Rc8 f6 49. Rg8+ Kf7 50. Rh8 Kg7 51. Rb8 Kg6 52. Rg8+ Kf7 53. Rh8 Kg7 54. Rd8 Bb5 55. Kf2 Bc6 56. Rd4 Kg6 57. Rg4+ Kf7 58. Rf4 Bb5 59. Rb4 Bc6 60. Rf4 Kg6 61. Rg4+ Kf7 62. Rf4 Be4 63. Rh4 f5 64. g4 f4 65. Bd2 Rf6 66. Rh5 Kg6 67. Re5 Bc6 68. Rc5 Rf8 69. Ra5 Be4 70. Ra4 Bc6 71. Rxf4 Rxf4+ 72. Bxf4 h5 73. gxh5+ Kxh5 1/2-1/2

[Event "Jaffna op"]
[Site "Jaffna"]
[Date "2023.12.11"]
[Round "7"]
[White "Janukshan, B."]
[Black "Dissanayake, RKT"]
[Result "1-0"]
[WhiteElo "1635"]
[BlackElo "1865"]
[PlyCount "105"]
[EventDate "2023.12.08"]
[EventType "swiss"]
[EventRounds "10"]
[EventCountry "SRI"]
[SourceTitle "CB51_2023"]
[SourceDate "2023.12.20"]
[SourceVersion "1"]
[SourceVersionDate "2023.12.20"]
[SourceQuality "1"]

1. d4 Nf6 2. Nf3 e6 3. g3 d5 4. Bg2 Be7 5. 0-0 0-0 6. c4 c6 7. Qc2 b6 8. Nbd2 Bb7 9. e4 dxc4 10. Nxc4 Nbd7 11. Bg5 h6 12. e5 Nd5 13. Bxe7 Qxe7 14. Rfd1 Rab8 15. Nd6 Ba8 16. Qa4 a5 17. Rac1 Rfd8 18. Qa3 f6 19. Bh3 Nf8 20. Re1 f5 21. Bg2 Nh7 22. Nd2 Rd7 23. N2c4 Ra7 24. Ne3 Nf8 25. Re2 b5 26. Nxd5 cxd5 27. Rec2 Qd7 28. Qf3 Rd8 29. Bf1 Rb8 30. Rc5 b4 31. Bb5 Qd8 32. h4 g6 33. Qe3 g5 34. h5 Re7 35. Rc8 Qb6 36. R8c2 Bb7 37. Qd3 Nh7 38. a4 g4 39. Kg2 Ng5 40. Qe3 Rf8 41. Bd3 Kg7 42. Rc5 Nh7 43. Rb5 Qa7 44. Rcc5 Ra8 45. Bxf5 Ng5 46. Bxg4 Ba6 47. Rxa5 Qb6 48. Kh2 Rf8 49. f4 Nf7 50. Nxf7 Rfxf7 51. Be2 Bxe2 52. Qxe2 Rf5 53. Qg4+ 1-0

[Event "Western Asia-ch U20"]
[Site "Colombo"]
[Date "2023.12.01"]
[Round "4"]
[White "Manon, Reja Neer"]
[Black "Janukshan, B."]
[Result "1-0"]
[WhiteElo "2207"]
[BlackElo "1635"]
[PlyCount "63"]
[EventDate "2023.11.30"]
[EventType "swiss"]
[EventRounds "9"]
[EventCountry "SRI"]
[SourceTitle "CB50_2023"]
[SourceDate "2023.12.13"]
[SourceVersion "1"]
[SourceVersionDate "2023.12.13"]
[SourceQuality "1"]

1. e4 c5 2. Nf3 d6 3. d4 cxd4 4. Nxd4 Nf6 5. f3 a6 6. c4 Nc6 7. Nc3 g6 8. Be3 Bg7 9. Nxc6 bxc6 10. Qd2 Rb8 11. Be2 0-0 12. 0-0 Be6 13. f4 Qa5 14. Rac1 Rfd8 15. b3 d5 16. cxd5 cxd5 17. e5 d4 18. Na4 Qxd2 19. Bxd2 Ne4 20. Ba5 Rf8 21. Rfd1 Bh6 22. g3 g5 23. Bd3 Nc3 24. Nxc3 dxc3 25. f5 Bd5 26. Bxc3 Bf3 27. Re1 Rfd8 28. Bxa6 Ra8 29. Be2 g4 30. Bxf3 Bxc1 31. Bxa8 Rxa8 32. Rxc1 1-0

[Event "Western Asia-ch U20"]
[Site "Colombo"]
[Date "2023.11.30"]
[Round "1"]
[White "Janukshan, B."]
[Black "Harshavardhan, GB."]
[Result "0-1"]
[WhiteElo "1635"]
[BlackElo "2390"]
[PlyCount "92"]
[EventDate "2023.11.30"]
[EventType "swiss"]
[EventRounds "9"]
[EventCountry "SRI"]
[SourceTitle "CB50_2023"]
[SourceDate "2023.12.13"]
[SourceVersion "1"]
[SourceVersionDate "2023.12.13"]
[SourceQuality "1"]

1. d4 Nf6 2. Nf3 e6 3. g3 b5 4. Bg2 d5 5. a4 b4 6. c4 bxc3 7. Nxc3 Nbd7 8. 0-0 Bb7 9. Bf4 a6 10. Qb3 Rb8 11. Rac1 Ba8 12. Qc2 Rc8 13. Rfd1 c5 14. e3 Be7 15. Ne5 0-0 16. Nxd7 Nxd7 17. h4 Qb6 18. Qe2 Bb7 19. h5 h6 20. Rc2 Rfd8 21. Rcd2 Bf6 22. Qg4 Kh8 23. Bf1 Re8 24. Bg2 Rcd8 25. Qh3 Be7 26. g4 Rc8 27. Qg3 Nf6 28. Bf3 Nh7 29. dxc5 Bxc5 30. Be5 Bb4 31. Re2 f6 32. Bd4 Qa5 33. Na2 Qxa4 34. b3 Qb5 35. Nxb4 Qxb4 36. Ra1 Ng5 37. Bg2 e5 38. Bb2 Qxb3 39. f4 Nf7 40. Kf2 Rc2 41. Ba3 exf4 42. Qxf4 Ne5 43. Qd4 Nxg4+ 44. Ke1 Rxe2+ 45. Kxe2 Qc2+ 46. Kf3 Qf2+ 0-1

[Event "SRI-chB"]
[Site "Colombo"]
[Date "2023.03.06"]
[Round "6"]
[White "De Silva, Osheen"]
[Black "Janukshan, B."]
[Result "1-0"]
[WhiteElo "1712"]
[BlackElo "1597"]
[PlyCount "127"]
[EventDate "2023.03.04"]
[EventType "swiss"]
[EventRounds "11"]
[EventCountry "SRI"]
[SourceTitle "CBM 213 Extra"]
[Source "ChessBase"]
[SourceDate "2023.05.31"]
[SourceVersion "1"]
[SourceVersionDate "2023.05.31"]
[SourceQuality "1"]

1. e4 c5 2. Nf3 e6 3. d4 cxd4 4. Nxd4 Nf6 5. Nc3 Nc6 6. a3 d5 7. exd5 exd5 8. Bb5 Bd7 9. 0-0 Be7 10. Re1 0-0 11. h3 h6 12. Be3 Na5 13. Bf1 Nc6 14. Qf3 Nxd4 15. Bxd4 Bc6 16. Rad1 Re8 17. Bd3 Qd7 18. Bf5 Qc7 19. b4 a6 20. Bxf6 Bxf6 21. Nxd5 Bxd5 22. Qxd5 Rxe1+ 23. Rxe1 Rd8 24. Qf3 Kf8 25. Bd3 Bb2 26. Qe4 g6 27. Qh4 Bg7 28. Qe4 Bf6 29. g3 Kg7 30. h4 Rd4 31. Qf3 Qc3 32. Re4 Qxa3 33. Rxd4 Bxd4 34. Qxb7 Qc1+ 35. Kg2 Qd2 36. Qf3 Qxb4 37. Bxa6 Qb6 38. Bc4 Qa7 39. Bd5 Bb6 40. Qe2 Bd4 41. Bf3 h5 42. Bd5 Qc5 43. c4 Qa7 44. Qf3 Bb6 45. Qf4 Bc5 46. Qe5+ Kf8 47. Qh8+ Ke7 48. Qg7 Ke8 49. Qh8+ Ke7 50. Qe5+ Kf8 51. Qf4 Qe7 52. Qh6+ Ke8 53. Qh8+ Qf8 54. Qf6 Qe7 55. Bxf7+ Qxf7 56. Qc6+ Qd7 57. Qxc5 Qb7+ 58. Qd5 Qa6 59. c5 Ke7 60. c6 Qc8 61. Qe5+ Kf7 62. Qb5 Kf6 63. Qb7 Qe6 64. c7 1-0

[Event "Wch U12"]
[Site "Batumi"]
[Date "2022.09.18"]
[Round "3"]
[White "Janukshan, B."]
[Black "Villa Tornero, Alex"]
[Result "0-1"]
[WhiteElo "1605"]
[BlackElo "2114"]
[PlyCount "72"]
[EventDate "2022.09.16"]
[EventType "swiss"]
[EventRounds "11"]
[EventCountry "GEO"]
[SourceTitle "EXT 2023"]
[Source "ChessBase"]
[SourceDate "2022.10.05"]
[SourceVersion "1"]
[SourceVersionDate "2022.10.05"]
[SourceQuality "1"]

1. e4 Nf6 2. e5 Nd5 3. d4 d6 4. Nf3 g6 5. Bc4 Nb6 6. Bb3 Bg7 7. 0-0 0-0 8. exd6 cxd6 9. a4 Bg4 10. a5 N6d7 11. Bd5 Qc7 12. h3 Bxf3 13. Qxf3 Nc6 14. Bxc6 bxc6 15. Qc3 c5 16. Be3 Rfc8 17. Rd1 Rab8 18. Na3 cxd4 19. Bxd4 Qxc3 20. bxc3 a6 21. Rab1 Rxb1 22. Nxb1 Bxd4 23. Rxd4 Rc5 24. Ra4 Ne5 25. Nd2 Rxc3 26. Ra2 Rc5 27. Nb3 Rc4 28. Nd2 Rb4 29. Kf1 Kf8 30. Ke2 Ke8 31. g3 Kd7 32. f4 Nc6 33. c4 e5 34. Kd3 f5 35. fxe5 dxe5 36. Kc3 Rb8 0-1